banner koha

Aspectos fitossanitarios e de controle de doencas florestais [Pinus spp., Eucalyptus spp., Araucaria angustifolia, fungo] (Registro n. 333521)

MARC details
000 -LÍDER
campo de controle de tamanho fixo 01224naa a22003497a 4500
001 - NÚMERO DE CONTROLE
campo de controle BR7908734
003 - IDENTIFICADOR DO NÚMERO DE CONTROLE
campo de controle BR-BrBNA
005 - DATA E HORÁRIO DA ÚLTIMA TRANSAÇÃO
campo de controle 20250716093232.0
007 - CAMPO FIXO DE DESCRIÇÃO FÍSICA--INFORMAÇÃO GERAL
campo de controle de tamanho fixo ta
008 - CAMPO DE DADOS FIXOS--INFORMAÇÃO GERAL
campo de controle de tamanho fixo 250630b bl.|||m| |||| 00| 0 por d
040 ## - FONTE DA CATALOGAÇÃO
Instituição da catalogação original BR-BrBNA
Idioma da catalogação por
Instituição que transcreveu o registro Biblioteca Nacional de Agricultura
041 ## - CÓDIGO DE IDIOMA
Código do idioma do texto/trilha sonora ou título diferente (Pt)
072 ## - CÓDIGO DE CATEGORIA DE ASSUNTO
Código de Categoria de Assunto H20
Código do objeto 3140
-- 3103
-- 3240
-- 4120
090 ## - NÚMERO DE CHAMADA LOCAL
Número de chamada H20 BR7908734
100 1# - ENTRADA PRINCIPAL--NOME PESSOAL
Nome pessoal Mucci, E.S.F.
100 1# - ENTRADA PRINCIPAL--NOME PESSOAL
Nome pessoal Yokomizo, N.K.S.
245 1# - TÍTULO
Título Aspectos fitossanitarios e de controle de doencas florestais [Pinus spp., Eucalyptus spp., Araucaria angustifolia, fungo]
490 ## - TÍTULO DA SÉRIE
Título da série Boletim Tecnico - Instituto Florestal (Brazil)
Número do volume ou designação sequencial da série no. 32
ISSN - International Standard Serial Number ISSN 0100-3151
500 ## - NOTA GERAL
Nota geral Boletim tecnico, novembro 1979<br/>Sao Paulo, SP (Brasil): 1979. p. 1-23 [10 illus.; 30 ref.; Summaries (En, Pt)]<br/>(BR7908734-AMS)<br/>
650 ## - ASSUNTO--TERMO TÓPICO
Cabeçalho tópico ou nome geográfico PINHEIRO
650 ## - ASSUNTO--TERMO TÓPICO
Cabeçalho tópico ou nome geográfico EUCALIPTO
650 ## - ASSUNTO--TERMO TÓPICO
Cabeçalho tópico ou nome geográfico PINHEIRO-DO-PARANA
650 ## - ASSUNTO--TERMO TÓPICO
Cabeçalho tópico ou nome geográfico FUNGO
650 ## - ASSUNTO--TERMO TÓPICO
Cabeçalho tópico ou nome geográfico CANCRO
650 ## - ASSUNTO--TERMO TÓPICO
Cabeçalho tópico ou nome geográfico ERRADICACAO
650 ## - ASSUNTO--TERMO TÓPICO
Cabeçalho tópico ou nome geográfico CONTROLE BIOLOGICO
650 ## - ASSUNTO--TERMO TÓPICO
Cabeçalho tópico ou nome geográfico CONTROLE QUIMICO
650 ## - ASSUNTO--TERMO TÓPICO
Cabeçalho tópico ou nome geográfico VARIEDADE RESISTENTE
773 0# - ENTRADA ANALÍTICA
Título Boletim tecnico, novembro 1979
Número de controle do registro H20 BR7908734
Partes relacionadas Sao Paulo, SP (Brasil), 1979. p. 1-23
942 ## - ELEMENTOS DE ENTRADA ADICIONADOS (KOHA)
Tipo de material Koha Analítica de Monografia Seriada
Fonte da classificação ou esquema de arquivamento na estante Classificação AGRIS
909 ## -
-- 202506
-- Lúcia
-- 55
-- Lúcia Elande
Exemplares
Situação do descarte Fonte da classificação ou esquema de arquivamento na estante Situação física Não pode ser emprestado Coleção Biblioteca de origem Biblioteca atual Total de empréstimos Data de último acesso Número do exemplar Tipo de material Koha Situação das perdas Data de aquisição Fonte de aquisição
  Classificação AGRIS       Biblioteca Nacional de Agricultura - Binagri Biblioteca Nacional de Agricultura - Binagri   30/06/2025 01 Analítica de Monografia Seriada   2025-06-30 Portaria Interministerial nº 164/94

BINAGRI

Telefone: (61)3218-2567/2388/3357/2097 - binagri@agro.gov.br

Ministério da Agricultura e Pecuária , Esplanada dos Ministérios, Bloco D, Anexo B, Brasília/DF, CEP: 70.043-900